000 00588nam a2200121Ia 4500
008 220620s9999||||xx |||||||||||||| ||und||
245 0 _aSewage Treatment Plants
_bEconomic Evaluation of Innovative Technologies for Energy Efficiency
546 _aEnglish[eng]
650 _aTechnology & Engineering||Environmental||General||Science||Applied Sciences||Science||Environmental Science (see Also Chemistry||Environmental)
700 _aStamatelatou, Katerina||Tsagarakis, Konstantinos P.
856 _uhttps://library.oapen.org/bitstream/20.500.12657/43789/1/external_content.pdf
942 _cEB
999 _c30421
_d30421